Computerized food processing operations
Bewaard in:
| Hoofdauteurs: | , |
|---|---|
| Formaat: | Boek |
| Taal: | Engels |
| Gepubliceerd in: |
Nueva York
Van Nostrand Reinhold
1989
|
| Onderwerpen: | |
| Tags: |
Voeg label toe
Geen labels, Wees de eerste die dit record labelt!
|
MARC
| LEADER | 00000nam a2200000 a 4500 | ||
|---|---|---|---|
| 001 | UCV3665 | ||
| 003 | CL-VaPUC | ||
| 008 | 900405e19890000US |||||||||||||||||eng|d | ||
| 082 | 0 | 4 | |a 664.02 |b TEX |2 21 |
| 100 | 0 | |a Teixeira, Arthur A |e author |9 297944 | |
| 700 | 0 | |a Schoemaker, Charles F |e author |9 297945 | |
| 245 | 1 | 0 | |a Computerized food processing operations |
| 300 | |a 202 p | ||
| 942 | |c BK | ||
| 945 | |d 19900405 00:00:00 | ||
| 260 | |a Nueva York |b Van Nostrand Reinhold |c 1989 | ||
| 650 | 7 | |a INDUSTRIAS ALIMENTICIAS |2 CL-VaPUC |9 297946 | |
| 583 | |a last modification |c 19900405 00:00:00 |k Rodrigo Vera | ||
| 999 | |c 210810 |d 210808 | ||
| 952 | |0 0 |1 0 |4 0 |6 664_020000000000000_TEX_1989 |7 0 |8 A |9 187636 |a BIBALI |b BIBALI |c GEN |d 2019-11-14 |i 2552337 |o 664.02 TEX 1989 |p 2552337 |r 2025-01-20 |w 2019-11-14 |y BK |k ALI | ||
| 952 | |0 0 |1 0 |4 0 |6 664_020000000000000_TEX_1989 |7 0 |8 A |9 187637 |a BIBALI |b BIBALI |c GEN |d 2019-11-14 |i 326064K |o 664.02 TEX 1989 |p 326064K |r 2025-01-20 |w 2019-11-14 |y BK |k ALI | ||